|
|
|
|
| LEADER |
01227nam a2200265 i 4500 |
| 003 |
GR-PaULI |
| 005 |
20210526133721.0 |
| 008 |
210526s2020 gr ||||g |||| 00| d gre d |
| 952 |
|
|
|0 0
|1 0
|2 ddc
|4 0
|6 842_912000000000000_BER
|7 0
|9 325349
|a THST
|b THST
|d 2021-05-26
|i 015727
|l 1
|o 842.912 BER
|p 025000274951
|r 2022-01-14 00:00:00
|s 2021-12-17
|w 2021-05-26
|y BK15
|
| 999 |
|
|
|c 182758
|d 182758
|
| 020 |
|
|
|a 9789606550188
|
| 040 |
|
|
|a GR-PaULI
|b gre
|c GR-PaULI
|e AACR2
|
| 041 |
1 |
|
|a gre
|h fre
|
| 082 |
0 |
4 |
|2 23
|a 842.912
|
| 100 |
1 |
|
|9 186169
|a Bernstein, Henry,
|d 1876-1953.
|e συγγραφέας
|
| 245 |
1 |
0 |
|a Ισραήλ :
|b δράμα σε τρεις πράξεις /
|c Henry Bernstein ; μετάφραση Μήτσος Μυράτ ; εισαγωγή Ρένα Μόλχο.
|
| 260 |
|
|
|a Θεσσαλονίκη,
|b Ρώμη,
|c 2020.
|
| 300 |
|
|
|a 137 σ. ;
|c 20 εκ.
|
| 490 |
1 |
|
|a Ξένο Θέατρο / Ρώμη
|
| 650 |
|
4 |
|9 101627
|a Γαλλικό δράμα
|y 20ός αιώνας
|
| 650 |
|
4 |
|9 184178
|a Αντισημιτισμός στην λογοτεχνία.
|
| 700 |
1 |
4 |
|9 160289
|a Μυράτ, Μήτσος,
|d 1878-1964
|e μεταφραστής
|
| 830 |
|
0 |
|9 186170
|a Ξένο Θέατρο (Ρώμη)
|
| 942 |
|
|
|2 ddc
|c BK15
|
| 998 |
|
|
|c ΜΑΝΙΑ
|d 2021-05
|